000 00328nam a2200145Ia 4500
005 20250405181018.0
008 240331s9999 xx 000 0 und d
082 _bSAT
_a894
100 _aSathasivam, K
245 0 _aMooddathinulle
260 _aColombo
_bVirakesari
_c1983
300 _a254 p .,
650 _aNovel
942 _cL
999 _c4111
_d4111